French Gothic architecture of the 12th and 13th centuries /

Bibliographic Details
Main Author: Bony, Jean
Format: Book
Language:English
Published: Berkeley : University of California Press, [1983]
Series:California studies in the history of art ; 20.
Subjects:

MARC

Tag First Indicator Second Indicator Subfields
LEADER 00000pam a2200000 i 4500
001 in00000577004
005 20151014065935.0
008 800805s1983 caua b s00110 eng
010 |a  74082842  
020 |a 0520028317 
035 |a (OCoLC)06648552 
035 |9 ACN8512AM 
040 |a DLC  |c DLC  |d m.c.  |d TXA  |d UtOrBLW 
043 |a e-fr--- 
049 |a TXAM  |c [A09080779] 
050 0 0 |a NA5543  |b .B66 1983 
082 0 |a 726/.5/0944  |2 19 
100 1 |a Bony, Jean. 
245 1 0 |a French Gothic architecture of the 12th and 13th centuries /  |c Jean Bony. 
264 1 |a Berkeley :  |b University of California Press,  |c [1983] 
264 4 |c ©1983 
300 |a xliii, 623 pages :  |b illustrations ;  |c 29 cm. 
336 |a text  |b txt  |2 rdacontent 
337 |a unmediated  |b n  |2 rdamedia 
338 |a volume  |b nc  |2 rdacarrier 
490 1 |a California studies in the history of art,  |v 20 
500 |a Includes index. 
504 |a Bibliography: pages 547-572. 
650 0 |a Architecture, Gothic  |z France. 
650 0 |a Church architecture  |z France. 
830 0 |a California studies in the history of art ;  |v 20. 
999 |a MARS 
999 f f |s 554c96b5-0df2-327b-99f5-76c994a336dc  |i 6565a70b-4622-3c16-a113-a6e6f81eaf43  |t 0 
952 f f |p normal  |a Texas A&M University  |b College Station  |c Sterling C. Evans Library  |d Evans: Library Stacks  |t 0  |e NA5543 .B66 1983  |h Library of Congress classification  |i unmediated -- volume  |m A14809080779 
998 f f |a NA5543 .B66 1983  |t 0  |l Evans: Library Stacks